| 000 | 01368nam a22003257a 4500 | ||
|---|---|---|---|
| 003 | DO-SdBPM | ||
| 005 | 20260430140809.0 | ||
| 007 | ta | ||
| 008 | 211103b2019 dr ||||| |||| 00| 0 eng d | ||
| 020 | _a9789945806847 | ||
| 040 |
_aDO-SdBPM _bspa _cBPMSU _drda |
||
| 082 | 4 |
_aRD863.5 _bC957u 2019 _222 |
|
| 100 | 1 |
_aCruz, Santiago de la, _d1961- _4aut. _eautor |
|
| 245 | 1 | 0 |
_aUn guardia en la Era de Trujillo / _cSantiago de la Cruz. |
| 260 | _c2019. | ||
| 264 |
_aSanto Domingo : _bEditorial Santuario, _c2019 |
||
| 300 |
_a196 páginas ; _c23 cm. |
||
| 336 |
_atexto _btxt _2rdacontent |
||
| 337 |
_asin mediación _bn _2rdamedia |
||
| 338 |
_avolumen _bnc _2rdacarrier |
||
| 500 | _aIncluye datos biográficos del autor en la contracubierta | ||
| 505 | 0 | _aDedicatoria, 7.-- Agradecimientos, 9.-- Un sueño: una ilusión, 11.-- El centro, 25.-- Manfredo, 46.-- La misión, 63.-- Persecuciones y apresamiento, 85.-- Luis Quinn, 101.-- El traslado, 115.-- No los volvieron a ver, 138.-- La tragedia, 153.-- Nace la esperanza, 168.-- El regreso, 183. | |
| 590 | _aInventariado, 2026/VM | ||
| 650 | 7 | _aNovela histórica dominicana | |
| 650 | 7 |
_a Militares _vNovela |
|
| 650 | 7 | _aLiteratura dominicana | |
| 651 | 7 |
_aRepública Dominicana _xHistoria _yEra de Trujillo, 1930-1961 _vNovela |
|
| 910 | _aVMateo V. . Control de calidad BPMSU | ||
| 942 |
_2ddc _cBK |
||
| 999 |
_c15810 _d15810 |
||